|
|
|
|
| LEADER |
00836nam a2200277 4500 |
| 001 |
DLU090093183 |
| 005 |
##20091201 |
| 040 |
# |
# |
|a DLU
|b eng
|
| 041 |
# |
# |
|a eng
|
| 044 |
# |
# |
|a jp
|
| 100 |
# |
# |
|a Guedda, M.
|
| 245 |
# |
# |
|a Disappearing interfaces in nonlinear diffusion /
|c M. Guedda, D. Hilhorst, M. A. Peletier.
|
| 653 |
# |
# |
|a Large-time behavior
|
| 653 |
# |
# |
|a Nonlinear diffusion equation
|
| 700 |
# |
# |
|a Hilhorst, D.
|
| 700 |
# |
# |
|a Peletier, M. A.
|
| 773 |
# |
# |
|t Advances in Mathematical Sciences and Applications
|g Vol. 7, no. 2 (1997), p. 695-710
|
| 920 |
# |
# |
|a Phòng Tạp chí -- Trung tâm Thông tin - Thư viện Trường Đại học Đà Lạt
|
| 994 |
# |
# |
|a DLU
|
| 900 |
# |
# |
|a True
|
| 911 |
# |
# |
|a Trương Bảo Trâm Anh
|
| 925 |
# |
# |
|a G
|
| 926 |
# |
# |
|a A
|
| 927 |
# |
# |
|a BB
|
| 980 |
# |
# |
|a Thư viện Trường Đại học Đà Lạt
|